000 00202 a2200097 4500
001 10756
100 _aWebster
245 _aThe merriam-webster thesaurus
260 _a
_bN. Y.
_c
090 _c8351
_d8351
942 _aNUST-CAE
_cM
_c35102
999 _c245829
_d245829